000 00648nam a2200217 u 4500
001 000024088
005 20240510073816.0
008 110118s1972 sp a r 000 | spa d
020 _a8434802821
040 _aDO-SdBNP
_bspa
_cBNPHU
082 _a100
_bB468f
100 1 _aBenlloch Ibarra, E.
_949486
245 1 0 _aFilosofía :
_bsexto año /
_cE. Benlloch Ibarra, C. Tejedor Campomanes.
260 _aMadrid :
_bS.M. ,
_c1972.
300 _a297 :
_bil. ;
_c21 cm.
500 _aIncluye nota al pie de página
650 0 _aFilosofía
_9813
650 4 _aFilosofía
_xEnseñanza
_9527
700 1 _aTejedor Campomanes, C.
_949487
049 _aBNGR
999 _c23583
_d23583